The significance of philosophical scepticism / (Record no. 125259)
[ view plain ]
| 000 -LEADER | |
|---|---|
| fixed length control field | 00991cam a2200325 a 4500 |
| 001 - CONTROL NUMBER | |
| control field | 268000 |
| 003 - CONTROL NUMBER IDENTIFIER | |
| control field | ARRUPE |
| 005 - DATE AND TIME OF LATEST TRANSACTION | |
| control field | 20160915102048.0 |
| 008 - FIXED-LENGTH DATA ELEMENTS--GENERAL INFORMATION | |
| fixed length control field | 841025s1984 enk b 001 0 eng |
| 010 ## - LIBRARY OF CONGRESS CONTROL NUMBER | |
| LC control number | 83025244 |
| 020 ## - INTERNATIONAL STANDARD BOOK NUMBER | |
| International Standard Book Number | 0198247303 : |
| Terms of availability | $27.50 |
| 020 ## - INTERNATIONAL STANDARD BOOK NUMBER | |
| International Standard Book Number | 0198247613 (pbk.) : |
| Terms of availability | $10.95 |
| 035 ## - SYSTEM CONTROL NUMBER | |
| System control number | (OCoLC)10207951 |
| 035 ## - SYSTEM CONTROL NUMBER | |
| System control number | (OCoLC)ocm10207951 |
| 035 ## - SYSTEM CONTROL NUMBER | |
| System control number | (CStRLIN)NYCG84-B73151 |
| 035 ## - SYSTEM CONTROL NUMBER | |
| System control number | (NNC)268000 |
| 040 ## - CATALOGING SOURCE | |
| Modifying agency | CStRLIN |
| Transcribing agency | Arrupe |
| 050 0# - LIBRARY OF CONGRESS CALL NUMBER | |
| Classification number | B837 |
| Item number | .S87 1984 |
| 082 0# - DEWEY DECIMAL CLASSIFICATION NUMBER | |
| Classification number | 121 |
| Edition number | 19 |
| 090 ## - LOCALLY ASSIGNED LC-TYPE CALL NUMBER (OCLC); LOCAL CALL NUMBER (OCLC) | |
| Classification number (OCLC) (R) ; Classification number, CALL (RLIN) (NR) | B837 |
| Local cutter number (OCLC) ; Book number/undivided call number, CALL (RLIN) | .S87 1984 |
| 300 ## - PHYSICAL DESCRIPTION | |
| Dimensions | 22 cm. |
| 100 1# - MAIN ENTRY--PERSONAL NAME | |
| Personal name | Stroud, Barry. |
| 9 (RLIN) | 25872 |
| 245 14 - TITLE STATEMENT | |
| Title | The significance of philosophical scepticism / |
| Statement of responsibility, etc | Barry Stroud. |
| 260 ## - PUBLICATION, DISTRIBUTION, ETC. (IMPRINT) | |
| Place of publication, distribution, etc | Oxford [Oxfordshire] : |
| Name of publisher, distributor, etc | Clarendon Press ; |
| Place of publication, distribution, etc | New York : |
| Name of publisher, distributor, etc | Oxford University Press, |
| Date of publication, distribution, etc | 1984. |
| 300 ## - PHYSICAL DESCRIPTION | |
| Extent | xiv, 277 p. ; |
| 504 ## - BIBLIOGRAPHY, ETC. NOTE | |
| Bibliography, etc | Includes bibliographical references and index. |
| 650 #0 - SUBJECT ADDED ENTRY--TOPICAL TERM | |
| Topical term or geographic name as entry element | Skepticism. |
| 9 (RLIN) | 499 |
| 650 #0 - SUBJECT ADDED ENTRY--TOPICAL TERM | |
| Topical term or geographic name as entry element | Knowledge, Theory of. |
| 9 (RLIN) | 25873 |
| 942 ## - ADDED ENTRY ELEMENTS (KOHA) | |
| Source of classification or shelving scheme | Library of Congress Classification |
| Koha item type | Monograph ( Printed materials) |
| Withdrawn status | Lost status | Source of classification or shelving scheme | Damaged status | Not for loan | Collection code | Home library | Current library | Shelving location | Date acquired | Total Checkouts | Full call number | Barcode | Date last seen | Date checked out | Price effective from | Koha item type |
|---|---|---|---|---|---|---|---|---|---|---|---|---|---|---|---|---|
| Library of Congress Classification | Main Collection | ARRUPE LIBRARY | ARRUPE LIBRARY | Main Collection | 15/09/2016 | 9 | B837 .S87 1984 | 46003093221 | 26/08/2019 | 22/08/2019 | 15/09/2016 | Monograph ( Printed materials) |